Quality function deployment and six sigma <a> QFD handbook
Gespeichert in:
| 1. Verfasser: | |
|---|---|
| Weitere Verfasser: | |
| Format: | Buch |
| Sprache: | Englisch |
| Veröffentlicht: |
Upper Saddle River
Prentice Hall
2010
|
| Ausgabe: | 2nd ed. |
| Schlagworte: | |
| Tags: |
Keine Tags, Fügen Sie das erste Tag hinzu!
|
MARC
| LEADER | 00000nam a2200000 4500 | ||
|---|---|---|---|
| 001 | 0142483 | ||
| 005 | 20240313133442.9 | ||
| 020 | |a 978-0-13-513835-9 | ||
| 020 | |a 0-13-513835-3 | ||
| 041 | 0 | |a eng | |
| 044 | |a US | ||
| 245 | 1 | 0 | |a Quality function deployment and six sigma |b <a> QFD handbook |c Joseph P. Ficalora, Louis Cohen |
| 250 | |a 2nd ed. | ||
| 264 | 1 | |a Upper Saddle River |b Prentice Hall |c 2010 | |
| 300 | |a 449 s. | ||
| 610 | 2 | 0 | |a plánovanie výroby |
| 610 | 2 | 0 | |a riadenie kvality |
| 610 | 2 | 0 | |a metódy riadenia |
| 610 | 2 | 0 | |a zmeny organizačné |
| 610 | 2 | 0 | |a efektívnosť ekonomická |
| 610 | 2 | 0 | |a marketing |
| 610 | 2 | 0 | |a komunikácia |
| 610 | 2 | 0 | |a korelácia |
| 610 | 2 | 0 | |a plánovanie strategické |
| 610 | 2 | 0 | |a plánovanie podnikové |
| 610 | 2 | 0 | |a softvér |
| 610 | 2 | 0 | |a Six Sigma |
| 610 | 2 | 0 | |a QFD |
| 100 | 1 | |a Ficalora, Joseph P. | |
| 700 | 1 | |a Cohen, Louis | |